[Event "33ème Open International d'Avoine"]
[Site "Avoine"]
[Date "2018.07.21"]
[Round "3.27"]
[White "Schmit, Vincent"]
[Black "Desgranges, Christophe"]
[Result "1-0"]
[WhiteElo "2285"]
[BlackElo "1683"]
[PlyCount "71"]
[EventDate "2018.??.??"]

1. e4 e5 2. Nf3 Nc6 3. Bc4 Bc5 4. b4 Bxb4 5. c3 Ba5 6. d4 Bb6 7. dxe5 Nge7 8.
O-O O-O 9. Ba3 h6 10. Qd2 Na5 11. Be2 Re8 12. c4 Nac6 13. c5 Ba5 14. Qe3 Ng6
15. Nbd2 Ngxe5 16. Nxe5 Nxe5 17. f4 Nc6 18. Nc4 b6 19. Nxa5 Nxa5 20. Bb2 d5 21.
cxd6 Qxd6 22. Rad1 Qg6 23. Bd3 Bb7 24. Rde1 f5 25. Rf3 Qe6 26. Rg3 g6 27. Qd4
Re7 28. Qh8+ Kf7 29. Qg7+ Ke8 30. Qxh6 Qxa2 31. Qxg6+ Qf7 32. Qh6 fxe4 33. Qh8+
Kd7 34. Qd4+ Qd5 35. Bb5+ Ke6 36. Qf6# 1-0

[Event "33ème Open International d'Avoine"]
[Site "Avoine"]
[Date "2018.07.21"]
[Round "3.28"]
[White "Zachary, Matheo"]
[Black "Vekemans, Paul"]
[Result "1-0"]
[WhiteElo "2271"]
[BlackElo "1628"]
[PlyCount "59"]
[EventDate "2018.??.??"]

1. e4 c6 2. Nc3 d5 3. Nf3 Bg4 4. h3 Bxf3 5. Qxf3 e6 6. d3 Nf6 7. a3 Be7 8. g3
O-O 9. Bg2 Na6 10. O-O Nc7 11. Qe2 d4 12. Nb1 e5 13. Nd2 b5 14. f4 Bd6 15. Nf3
Nh5 16. fxe5 Nxg3 17. Qf2 Nxf1 18. exd6 Qxd6 19. Nxd4 Ne6 20. Nf5 Qd7 21. Kxf1
c5 22. Bd2 Rfd8 23. Bc3 Nd4 24. Kg1 a5 25. Rf1 b4 26. Bxd4 cxd4 27. Qg3 f6 28.
e5 Ra6 29. Bd5+ Kh8 30. e6 1-0

[Event "33ème Open International d'Avoine"]
[Site "Avoine"]
[Date "2018.07.21"]
[Round "3.29"]
[White "Navaratnam, Rohan Shan Tze"]
[Black "Coiffait, Pierre-Basile"]
[Result "0-1"]
[WhiteElo "1943"]
[BlackElo "2253"]
[PlyCount "68"]
[EventDate "2018.??.??"]

1. e4 e5 2. Nf3 Nc6 3. Bc4 Bc5 4. c3 Nf6 5. d4 exd4 6. e5 d5 7. Bb5 Ne4 8. cxd4
Bb6 9. Nc3 O-O 10. Be3 Bg4 11. h3 Bh5 12. Qa4 Ne7 13. Nxe4 dxe4 14. Nd2 Bg6 15.
O-O Nf5 16. Nb3 c6 17. Be2 Nxe3 18. fxe3 Qg5 19. Kf2 f6 20. Qc4+ Kh8 21. Qc3
fxe5+ 22. Kg1 exd4 23. exd4 e3 24. Bf3 Bc7 25. Rae1 Qg3 26. Rxe3 Bh5 27. Nd2
Bf4 28. Rfe1 Qh2+ 29. Kf1 Bg3 30. Rc1 Qh1+ 31. Ke2 Qxg2+ 32. Kd1 Rxf3 33. Nxf3
Rf8 34. Rc2 Bxf3+ 0-1

[Event "33ème Open International d'Avoine"]
[Site "Avoine"]
[Date "2018.07.21"]
[Round "3.30"]
[White "Coiffait, Casimir"]
[Black "Najart, David"]
[Result "0-1"]
[WhiteElo "1937"]
[BlackElo "2230"]
[PlyCount "82"]
[EventDate "2018.??.??"]

1. e4 c5 2. Nc3 d6 3. f4 Nc6 4. Nf3 g6 5. Bc4 Bg7 6. d3 e6 7. O-O Nge7 8. Qe1
h6 9. Qh4 a6 10. a4 Nd4 11. f5 gxf5 12. Qh5 Ng6 13. Be3 f4 14. Bxd4 cxd4 15.
Ne2 Bd7 16. a5 Rc8 17. Nfxd4 Qg5 18. Qxg5 hxg5 19. c3 Ne5 20. b3 Ng4 21. h3 Ne3
22. Rfe1 e5 23. Nf3 Bf6 24. Bd5 Ke7 25. Nh2 g4 26. hxg4 Rh7 27. g3 Rch8 28. Nf1
Nxd5 29. exd5 f3 30. Nf4 Bxg4 31. d4 Kd7 32. dxe5 Bxe5 33. Re3 Rh1+ 34. Kf2 f5
35. Rae1 Rg8 36. b4 Bxf4 37. gxf4 Bh5 38. Re7+ Kd8 39. Rxb7 Rg2+ 40. Ke3 Re2+
41. Rxe2 fxe2 0-1

[Event "33ème Open International d'Avoine"]
[Site "Avoine"]
[Date "2018.07.21"]
[Round "3.31"]
[White "Grimberg, Gilbert"]
[Black "Jurbert, Chriss"]
[Result "1-0"]
[WhiteElo "2229"]
[BlackElo "1611"]
[PlyCount "81"]
[EventDate "2018.??.??"]

1. Nf3 d5 2. c4 e6 3. b3 Nf6 4. Bb2 Be7 5. g3 dxc4 6. bxc4 b6 7. Bg2 Bb7 8. O-O
O-O 9. d3 Nbd7 10. Qd2 Bd6 11. Nc3 Ne5 12. Nxe5 Bxg2 13. Nxf7 Rxf7 14. Kxg2 c6
15. d4 Qf8 16. Rad1 Rd8 17. f3 Bc5 18. Qe3 Bb4 19. Ne4 Nxe4 20. Qxe4 Qd6 21.
Qh4 Rfd7 22. Rd3 Qc7 23. Qe4 Qd6 24. Rfd1 Re8 25. h4 Qc7 26. h5 Bd6 27. Qg4 Rf7
28. Re3 Qc8 29. Rdd3 Bf8 30. Re4 Rf5 31. Rde3 Ra5 32. a3 Ra4 33. d5 cxd5 34.
cxd5 Rxe4 35. Qxe4 Bc5 36. Qg4 Qc7 37. Rxe6 Rd8 38. h6 Rxd5 39. Re8+ Bf8 40.
Qxg7+ Qxg7 41. hxg7 1-0

[Event "33ème Open International d'Avoine"]
[Site "Avoine"]
[Date "2018.07.21"]
[Round "3.32"]
[White "Frick, Christoph"]
[Black "Carreel, Claire"]
[Result "1-0"]
[WhiteElo "2215"]
[BlackElo "1589"]
[PlyCount "55"]
[EventDate "2018.??.??"]

1. Nc3 d5 2. e4 d4 3. Nce2 e5 4. Ng3 Nf6 5. Nf3 Bd6 6. Bc4 O-O 7. O-O Bg4 8. d3
Nbd7 9. h3 Bxf3 10. Qxf3 Re8 11. Nf5 Bf8 12. Qg3 g6 13. Bg5 Rb8 14. f4 b5 15.
Bb3 c5 16. fxe5 c4 17. exf6 cxb3 18. Ne7+ Kh8 19. Nc6 Qb6 20. Nxb8 Nxb8 21.
axb3 Bd6 22. Bf4 Bxf4 23. Rxf4 Qc7 24. Qh4 h5 25. Qg5 Kh7 26. Rh4 Rh8 27. Rxh5+
gxh5 28. Qg7# 1-0

[Event "33ème Open International d'Avoine"]
[Site "Avoine"]
[Date "2018.07.21"]
[Round "3.33"]
[White "Ronce, Nathan"]
[Black "David, Irene"]
[Result "1-0"]
[WhiteElo "2198"]
[BlackElo "1579"]
[PlyCount "87"]
[EventDate "2018.??.??"]

1. d4 d5 2. Bf4 Nf6 3. e3 c5 4. c3 Qb6 5. Qb3 c4 6. Qc2 g6 7. Nd2 Bf5 8. Qc1
Nbd7 9. h3 h5 10. Ngf3 Bg7 11. Be2 O-O 12. Ne5 Nxe5 13. Bxe5 Ne4 14. Bxg7 Kxg7
15. Nf3 Qd6 16. O-O b5 17. Nd2 Rfc8 18. Re1 b4 19. Bf3 Nxd2 20. Qxd2 bxc3 21.
bxc3 Rab8 22. e4 Bxe4 23. Bxe4 dxe4 24. Rxe4 Qa3 25. Re2 Rb7 26. Rae1 Rcb8 27.
d5 Qc5 28. Qg5 Rb2 29. Qe5+ Kg8 30. Qxe7 Qxd5 31. Qxa7 Rxe2 32. Qxb8+ Kg7 33.
Rxe2 Qd1+ 34. Kh2 Qxe2 35. a4 Qd2 36. Qe5+ Kg8 37. a5 Qxf2 38. Qb8+ Kg7 39. a6
f5 40. a7 f4 41. Qe5+ Kh6 42. a8=Q Qg3+ 43. Kg1 f3 44. Qah8# 1-0

[Event "33ème Open International d'Avoine"]
[Site "Avoine"]
[Date "2018.07.21"]
[Round "3.34"]
[White "Devaure, Guillaume"]
[Black "Degardin, Sylvain"]
[Result "0-1"]
[WhiteElo "1933"]
[BlackElo "2197"]
[PlyCount "42"]
[EventDate "2018.??.??"]

1. e4 c5 2. Nc3 d6 3. f4 g6 4. Nf3 Bg7 5. Bc4 Nc6 6. O-O Nf6 7. d3 O-O 8. Qe1
Nd4 9. Qh4 Nxc2 10. f5 Nxa1 11. fxg6 Be6 12. Bxe6 fxe6 13. Ng5 hxg6 14. Nxe6
Qd7 15. Nxg7 Qg4 16. Qh6 Nh5 17. Nf5 gxf5 18. Qe6+ Rf7 19. Rxf5 Raf8 20. Rg5+
Qxg5 21. Bxg5 Ng7 0-1

[Event "33ème Open International d'Avoine"]
[Site "Avoine"]
[Date "2018.07.21"]
[Round "3.35"]
[White "Boulart, Emilie"]
[Black "Merenciano, Alexandre"]
[Result "0-1"]
[WhiteElo "1762"]
[BlackElo "2139"]
[PlyCount "52"]
[EventDate "2018.??.??"]

1. e4 c6 2. c4 d5 3. exd5 cxd5 4. cxd5 Nf6 5. Qa4+ Nbd7 6. Nc3 g6 7. Bc4 Bg7 8.
Nf3 O-O 9. d3 a6 10. Qa3 b6 11. O-O Bb7 12. Re1 b5 13. Bb3 Re8 14. Be3 Nb6 15.
Bc5 Bf8 16. d4 Nbxd5 17. Nxd5 Nxd5 18. Ne5 Bg7 19. Re2 e6 20. Bxd5 Qxd5 21. Qg3
Rac8 22. b3 f6 23. Nd3 e5 24. Nb4 Qd7 25. Qd3 a5 26. Nc2 Rxc5 0-1

[Event "33ème Open International d'Avoine"]
[Site "Avoine"]
[Date "2018.07.21"]
[Round "3.36"]
[White "Maloberti, David"]
[Black "Kumpen, Kurt"]
[Result "1-0"]
[WhiteElo "2136"]
[BlackElo "1524"]
[PlyCount "67"]
[EventDate "2018.??.??"]

1. d4 d5 2. c4 Nf6 3. cxd5 Nxd5 4. e4 Nb6 5. Nf3 Bg4 6. Be2 g6 7. h3 Bxf3 8.
Bxf3 Nc6 9. d5 Ne5 10. Be2 Bg7 11. f4 Ned7 12. O-O O-O 13. Nc3 a6 14. Be3 Kh8
15. Bd4 f6 16. Qe1 Qe8 17. Bg4 Nc4 18. Qe2 Nd6 19. Rae1 Nf7 20. Qc4 Qd8 21. Be6
Nb6 22. Qd3 Qd6 23. Bxf7 Rxf7 24. e5 fxe5 25. Rxe5 Re8 26. Ne4 Qb4 27. Ng5 Rf5
28. Ne6 Bxe5 29. Bxe5+ Kg8 30. g4 Rf7 31. Bxc7 Nd7 32. b3 Nc5 33. Qe3 Qe4 34.
Qxc5 1-0

[Event "33ème Open International d'Avoine"]
[Site "Avoine"]
[Date "2018.07.21"]
[Round "3.37"]
[White "Poliniere, Matthias"]
[Black "Defromont, Benjamin"]
[Result "0-1"]
[WhiteElo "1718"]
[BlackElo "2132"]
[PlyCount "99"]
[EventDate "2018.??.??"]

1. d4 e6 2. c4 f5 3. Nf3 Nf6 4. Nbd2 d5 5. e3 c6 6. Ne5 Bd6 7. Be2 O-O 8. b3 b6
9. O-O Bb7 10. Bb2 Nbd7 11. Rc1 Rc8 12. Ndf3 Qe7 13. Nxd7 Nxd7 14. Ne5 Nf6 15.
Rc2 Rfd8 16. Qc1 c5 17. Rd1 cxd4 18. exd4 dxc4 19. Bxc4 Be4 20. Bd3 Rxc2 21.
Qxc2 Bxd3 22. Rxd3 Nd5 23. Rd1 Bxe5 24. dxe5 Nb4 25. Qe2 Nxa2 26. h3 Rxd1+ 27.
Qxd1 Qc7 28. Qd4 Qc6 29. Ba3 a5 30. Qd8+ Kf7 31. Bd6 Kg6 32. h4 h6 33. Qe7 Qc8
34. h5+ Kh7 35. Qf7 Qc1+ 36. Kh2 Qf4+ 37. Kg1 Qc1+ 38. Kh2 Qg5 39. Qxe6 Qxh5+
40. Kg1 Qd1+ 41. Kh2 Qh5+ 42. Kg1 Nc3 43. Qc4 Ne2+ 44. Kf1 Nf4 45. f3 Qh1+ 46.
Kf2 Qxg2+ 47. Ke3 Qg1+ 48. Kd2 Qf2+ 49. Kc1 Qxf3 50. Kb1 0-1

[Event "33ème Open International d'Avoine"]
[Site "Avoine"]
[Date "2018.07.21"]
[Round "3.38"]
[White "Serralta, Michel"]
[Black "Fargeau, Francis"]
[Result "1-0"]
[WhiteElo "2126"]
[BlackElo "1510"]
[PlyCount "58"]
[EventDate "2018.??.??"]

1. d4 g6 2. e4 Bg7 3. c4 d6 4. Nc3 Nf6 5. Nge2 O-O 6. Ng3 Nc6 7. d5 Ne5 8. f4
Ned7 9. Bd3 e6 10. dxe6 fxe6 11. O-O Nc5 12. Bc2 Ne8 13. Be3 b6 14. Qd2 Nb7 15.
Rad1 Qe7 16. f5 gxf5 17. exf5 Nf6 18. fxe6 Bxe6 19. Nf5 Bxf5 20. Bxf5 Nc5 21.
Rde1 Nce4 22. Nxe4 Nxe4 23. Qd5+ Kh8 24. Qxe4 Rae8 25. Bd4 Qd8 26. Bxg7+ Kxg7
27. Be6 Rxf1+ 28. Rxf1 Qg5 29. Rf7+ Kh6 1-0

[Event "33ème Open International d'Avoine"]
[Site "Avoine"]
[Date "2018.07.21"]
[Round "3.39"]
[White "Jassem, Philippe"]
[Black "Droin, Augustin"]
[Result "1/2-1/2"]
[WhiteElo "1699"]
[BlackElo "2095"]
[PlyCount "61"]
[EventDate "2018.??.??"]

1. e4 c5 2. Nf3 d6 3. Nc3 Nf6 4. e5 dxe5 5. Nxe5 a6 6. g3 Nbd7 7. d4 Nxe5 8.
dxe5 Qxd1+ 9. Nxd1 Ng4 10. Bf4 g5 11. Bxg5 Nxe5 12. Bg2 Bg7 13. Be3 Nd7 14. c3
Rb8 15. O-O b6 16. Bf4 e5 17. Bg5 Bb7 18. Ne3 Bxg2 19. Kxg2 Bf6 20. Bxf6 Nxf6
21. Rad1 Ke7 22. Nd5+ Nxd5 23. Rxd5 f6 24. Rfd1 Rbd8 25. Rxd8 Rxd8 26. Rxd8
Kxd8 27. Kf3 Ke7 28. Ke4 Ke6 29. g4 h5 30. h3 hxg4 31. hxg4 1/2-1/2

[Event "33ème Open International d'Avoine"]
[Site "Avoine"]
[Date "2018.07.21"]
[Round "3.40"]
[White "Rozec, Mialy"]
[Black "Kocur, Johan"]
[Result "1/2-1/2"]
[WhiteElo "1622"]
[BlackElo "2077"]
[PlyCount "65"]
[EventDate "2018.??.??"]

1. d4 Nf6 2. Nf3 e6 3. c4 b6 4. g3 Bb4+ 5. Bd2 a5 6. a3 Be7 7. Nc3 Ba6 8. Qb3
d5 9. cxd5 exd5 10. Bg5 c6 11. Ne5 h6 12. Bxf6 Bxf6 13. Na4 Bxe5 14. dxe5 Nd7
15. Qc3 Qe7 16. Qxc6 Rc8 17. Qd6 Qxd6 18. exd6 d4 19. Bh3 Rc2 20. Kd1 Rc6 21.
b4 Bb5 22. Nb2 Rxd6 23. Rc1 Kd8 24. Kd2 Re8 25. Rhe1 Ba6 26. Bg2 Ne5 27. h3 d3
28. exd3 Bxd3 29. Kc3 Bb5 30. f4 Nc6 31. Rxe8+ Kxe8 32. Re1+ Kd7 33. Rd1
1/2-1/2

[Event "33ème Open International d'Avoine"]
[Site "Avoine"]
[Date "2018.07.21"]
[Round "3.41"]
[White "Maugin, Narada"]
[Black "Lebret, Jean-Michel"]
[Result "0-1"]
[WhiteElo "1609"]
[BlackElo "2073"]
[PlyCount "78"]
[EventDate "2018.??.??"]

1. e4 c5 2. c3 d5 3. exd5 Qxd5 4. d4 Nc6 5. Nf3 e5 6. dxe5 Qxd1+ 7. Kxd1 Bg4 8.
Bf4 O-O-O+ 9. Nbd2 Nge7 10. Ke1 Ng6 11. Bg3 f6 12. exf6 gxf6 13. h3 Bf5 14. Be2
Bh6 15. Nb3 b6 16. Ba6+ Kd7 17. Kf1 Nce5 18. Nxe5+ fxe5 19. Kg1 Bf4 20. Bxf4
Nxf4 21. Kh2 h5 22. Rhe1 Ke6 23. Rad1 Kf6 24. Nd2 Bc2 25. Ne4+ Bxe4 26. Rxd8
Rxd8 27. Rxe4 Rd2 28. Kg3 Rxb2 29. a4 Rc2 30. c4 Kf5 31. Bb7 Ra2 32. Bc6 Ne2+
33. Kh4 Nd4 34. g4+ hxg4 35. hxg4+ Kf6 36. Bd7 Rxf2 37. g5+ Kg6 38. Be8+ Kf5
39. Re3 Kf4 0-1

[Event "33ème Open International d'Avoine"]
[Site "Avoine"]
[Date "2018.07.21"]
[Round "3.42"]
[White "Catherinot, Laetitia"]
[Black "Pottier, Simeon"]
[Result "0-1"]
[WhiteElo "1564"]
[BlackElo "2061"]
[PlyCount "48"]
[EventDate "2018.??.??"]

1. e4 e5 2. Nf3 Nc6 3. Nc3 Nf6 4. Bb5 Bd6 5. d4 exd4 6. Nxd4 a6 7. Nxc6 dxc6 8.
Be2 Qe7 9. f3 Nh5 10. Be3 f5 11. Qd2 f4 12. Bf2 Be6 13. Qd4 c5 14. Qa4+ c6 15.
Nd5 Qd8 16. Nc3 b5 17. Qa3 b4 18. Qa4 bxc3 19. Qxc6+ Kf7 20. Bxc5 cxb2 21. Rb1
Qa5+ 22. c3 Qxc3+ 23. Kd1 Rhd8 24. Qxa8 Bb8+ 0-1

[Event "33ème Open International d'Avoine"]
[Site "Avoine"]
[Date "2018.07.21"]
[Round "3.43"]
[White "Gaulin, Jean-Pierre"]
[Black "Harutyunyan, Safar"]
[Result "0-1"]
[WhiteElo "1548"]
[BlackElo "2050"]
[PlyCount "74"]
[EventDate "2018.??.??"]

1. d4 Nf6 2. Nf3 e6 3. Bg5 c5 4. e3 Nc6 5. c3 b6 6. Bd3 Bb7 7. Qa4 a6 8. Ne5 b5
9. Qd1 h6 10. Bh4 cxd4 11. exd4 Be7 12. Bxf6 Bxf6 13. f4 Nxe5 14. dxe5 Bh4+ 15.
Kf1 Qb6 16. Qe2 O-O 17. Nd2 f6 18. Nf3 Bxf3 19. Qxf3 fxe5 20. g3 Bf6 21. Kg2
exf4 22. gxf4 b4 23. Rab1 bxc3 24. bxc3 Qa5 25. Rb7 Qxa2+ 26. Kh3 Qa4 27. Rhb1
Be7 28. c4 Rad8 29. Qe4 Rf5 30. Qf3 Rf6 31. Qe4 Qa5 32. Qf3 Bd6 33. f5 Qe5 34.
Be4 Qxh2+ 35. Kg4 Qd2 36. Rh1 exf5+ 37. Bxf5 Qg5+ 0-1

[Event "33ème Open International d'Avoine"]
[Site "Avoine"]
[Date "2018.07.21"]
[Round "3.44"]
[White "Bodicker, Rob"]
[Black "Tabary, Anaelle"]
[Result "1/2-1/2"]
[WhiteElo "2039"]
[BlackElo "1501"]
[PlyCount "45"]
[EventDate "2018.??.??"]

1. d4 d5 2. c4 e6 3. g3 Nf6 4. Nf3 Bb4+ 5. Bd2 a5 6. Bg2 dxc4 7. O-O Nc6 8. Bg5
h6 9. Bxf6 Qxf6 10. a3 Bd6 11. Nc3 O-O 12. e4 e5 13. d5 Nd4 14. Nxd4 exd4 15.
Nb5 d3 16. Qa4 Bd7 17. Qxc4 Qxb2 18. Nxd6 cxd6 19. Rfd1 Bb5 20. Qc1 Qe5 21. a4
Rac8 22. Qe3 Ba6 23. Rac1 {(=)} 1/2-1/2

[Event "33ème Open International d'Avoine"]
[Site "Avoine"]
[Date "2018.07.21"]
[Round "3.45"]
[White "Calonne, Pascal"]
[Black "Kavciyan, Yega"]
[Result "0-1"]
[WhiteElo "1523"]
[BlackElo "2039"]
[PlyCount "78"]
[EventDate "2018.??.??"]

1. d4 Nf6 2. Nf3 g6 3. g3 Bg7 4. Bg2 O-O 5. O-O d6 6. Nbd2 Nbd7 7. e4 e5 8. c3
Re8 9. Re1 c6 10. Qc2 Qc7 11. a4 Nf8 12. dxe5 dxe5 13. a5 Rb8 14. Nb3 b6 15.
axb6 axb6 16. Be3 c5 17. Nc1 Bb7 18. Nd2 Ng4 19. b3 Nxe3 20. Rxe3 b5 21. c4 b4
22. Nf1 Ne6 23. Re1 Nd4 24. Qb2 f5 25. Ne3 fxe4 26. Rd1 Nf3+ 27. Kh1 Rbd8 28.
Ne2 Qe7 29. Nd5 Qg5 30. Ng1 Qh5 31. h4 g5 32. Qe2 gxh4 33. Bxf3 exf3 34. Qxf3
Qxf3+ 35. Nxf3 Bxd5 36. cxd5 hxg3 37. fxg3 e4 38. Ng5 Bxa1 39. Rxa1 Rxd5 0-1

[Event "33ème Open International d'Avoine"]
[Site "Avoine"]
[Date "2018.07.21"]
[Round "3.46"]
[White "Dessenne, Francois"]
[Black "Morel, Jeanne"]
[Result "1-0"]
[WhiteElo "2038"]
[BlackElo "1162"]
[PlyCount "67"]
[EventDate "2018.??.??"]

1. Nf3 d5 2. c4 e6 3. g3 Nf6 4. Bg2 Be7 5. d4 O-O 6. O-O Nbd7 7. Qc2 c6 8. Nbd2
b6 9. e4 Bb7 10. e5 Ne8 11. cxd5 cxd5 12. Re1 Rc8 13. Qd3 Nc7 14. Nf1 Na6 15.
a3 Qc7 16. Bg5 Bd8 17. Rac1 Qb8 18. b4 Rxc1 19. Rxc1 h6 20. Bd2 Nc7 21. b5 Be7
22. g4 Rc8 23. g5 h5 24. g6 Rf8 25. Bg5 f6 26. exf6 Bxf6 27. Bf4 e5 28. dxe5
Bd8 29. Bg3 Nc5 30. Qd1 Nxb5 31. Nh4 Bxh4 32. Qxh5 Re8 33. Qh7+ Kf8 34. Bxh4
1-0

[Event "33ème Open International d'Avoine"]
[Site "Avoine"]
[Date "2018.07.21"]
[Round "3.47"]
[White "Englisch, Caroline"]
[Black "Heurtebize, Christophe"]
[Result "0-1"]
[WhiteElo "1516"]
[BlackElo "2030"]
[PlyCount "64"]
[EventDate "2018.??.??"]

1. d4 Nf6 2. Nf3 g6 3. g3 Bg7 4. Bg2 O-O 5. O-O d6 6. c4 Nbd7 7. Nc3 e5 8. b3
Re8 9. Bb2 c6 10. dxe5 dxe5 11. Ng5 Qc7 12. Qc2 h6 13. Nge4 Nxe4 14. Nxe4 f5
15. Nd2 Kh7 16. c5 Qa5 17. Rac1 Bf8 18. Nc4 Qxc5 19. Ba3 Qb5 20. Bxf8 Rxf8 21.
Nd6 Qa5 22. Rfd1 Nf6 23. Nc4 Qc7 24. Rd2 Be6 25. Rcd1 e4 26. Rd6 Bd5 27. Qd2 b5
28. Rxd5 Nxd5 29. Ne3 Rad8 30. Qc1 Nxe3 31. Rxd8 Rxd8 32. Qxe3 c5 0-1

[Event "33ème Open International d'Avoine"]
[Site "Avoine"]
[Date "2018.07.21"]
[Round "3.48"]
[White "Bourdeaux, Angele"]
[Black "Dupont, Victor"]
[Result "0-1"]
[WhiteElo "1515"]
[BlackElo "1999"]
[PlyCount "76"]
[EventDate "2018.??.??"]

1. e4 d5 2. exd5 Nf6 3. Nf3 Nxd5 4. d4 g6 5. c3 Bg7 6. Bc4 O-O 7. O-O Nb6 8.
Bb3 Nc6 9. Bf4 Na5 10. Bc2 Nd5 11. Bg3 Nc4 12. Bb3 Ndb6 13. Qe2 Na5 14. Bc2 Be6
15. Re1 Re8 16. Nbd2 Nbc4 17. Nxc4 Bxc4 18. Bd3 Bxd3 19. Qxd3 c5 20. Rad1 Qb6
21. Re2 Rad8 22. b3 cxd4 23. cxd4 Nc6 24. Re4 e5 25. Qc4 Nxd4 26. Nxd4 exd4 27.
Bc7 Qc6 28. Bxd8 Qxe4 29. Ba5 b6 30. Bb4 a5 31. Ba3 Qe2 32. Qxe2 Rxe2 33. Rc1
h5 34. Kf1 Rxa2 35. Rc8+ Kh7 36. Bc1 d3 37. Ke1 Ra1 38. Kd1 Bh6 0-1

[Event "33ème Open International d'Avoine"]
[Site "Avoine"]
[Date "2018.07.21"]
[Round "3.49"]
[White "Lamouroux, Lucas"]
[Black "Engelmann, Herve"]
[Result "1-0"]
[WhiteElo "1430"]
[BlackElo "1998"]
[PlyCount "39"]
[EventDate "2018.??.??"]

1. e4 e5 2. Nf3 Nc6 3. Bc4 Bc5 4. O-O Nf6 5. d4 exd4 6. e5 d5 7. exf6 dxc4 8.
Re1+ Be6 9. Ng5 Qd5 10. Nc3 Qf5 11. Nce4 Bb6 12. fxg7 Rg8 13. Nxe6 fxe6 14. Bg5
Rxg7 15. Qh5+ Qg6 16. Qf3 Kd7 17. Nf6+ Kc8 18. Rxe6 Ne7 19. Qg4 Kd8 20. Rd6+
1-0

[Event "33ème Open International d'Avoine"]
[Site "Avoine"]
[Date "2018.07.21"]
[Round "3.50"]
[White "Tomasi, Albert"]
[Black "Cousin, Romain"]
[Result "1-0"]
[WhiteElo "2302"]
[BlackElo "1455"]
[PlyCount "65"]
[EventDate "2018.??.??"]

1. e4 e5 2. Nf3 Nc6 3. Bb5 a6 4. Ba4 Nf6 5. O-O b5 6. Bb3 Nxe4 7. d4 d5 8. dxe5
Be6 9. Qe2 Be7 10. Rd1 O-O 11. c4 bxc4 12. Bxc4 a5 13. Bb5 Na7 14. Bd3 Qc8 15.
Bxe4 dxe4 16. Qxe4 Bf5 17. Qf4 Be6 18. Nc3 Qb7 19. Ne4 f6 20. exf6 Bxf6 21. Nc5
Qb6 22. Be3 Qc6 23. Ne5 Bxe5 24. Qxe5 Rfe8 25. Bd4 Re7 26. Qg5 Rae8 27. Rac1
Bxa2 28. f3 Qb5 29. b3 Bxb3 30. Rd3 a4 31. Re3 Nc6 32. Bxg7 Bf7 33. Bf6+ 1-0

[Event "33ème Open International d'Avoine"]
[Site "Avoine"]
[Date "2018.07.21"]
[Round "4.1"]
[White "Ortiz Suarez, Isan Reynaldo"]
[Black "Real, Thibault"]
[Result "1-0"]
[WhiteElo "2548"]
[BlackElo "2246"]
[PlyCount "83"]
[EventDate "2018.??.??"]

1. e4 {[%emt 0:00:02]} c5 {[%emt 0:00:43]} 2. Nf3 {[%emt 0:00:06]} d6 {
[%emt 0:00:04]} 3. d4 {[%emt 0:00:06]} cxd4 {[%emt 0:00:05]} 4. Nxd4 {
[%emt 0:00:03]} Nf6 {[%emt 0:00:09]} 5. Nc3 {[%emt 0:00:05]} a6 {[%emt 0:00:48]
} 6. Bg5 {[%emt 0:00:43]} Nbd7 {[%emt 0:00:08]} 7. Bc4 {[%emt 0:00:28]} Qb6 {
[%emt 0:00:15]} 8. Bb3 {[%emt 0:00:08]} e6 {[%emt 0:00:06]} 9. Qd2 {
[%emt 0:00:13]} Be7 {[%emt 0:00:09]} 10. O-O-O {[%emt 0:00:07]} Nc5 {
[%emt 0:00:37]} 11. Rhe1 {[%emt 0:02:27]} O-O {[%emt 0:04:19]} 12. f4 {
[%emt 0:00:33]} h6 {[%emt 0:05:00]} 13. h4 {[%emt 0:00:34]} Rd8 {[%emt 0:35:04]
} 14. g4 {[%emt 0:03:37]} Kf8 {[%emt 0:18:29]} 15. Bxf6 {[%emt 0:47:34]} Bxf6 {
[%emt 0:00:05]} 16. g5 {[%emt 0:00:27]} Bxd4 {[%emt 0:05:18]} 17. Qxd4 {
[%emt 0:00:04]} Nxb3+ {[%emt 0:01:51]} 18. axb3 {[%emt 0:00:04]} Qxd4 {
[%emt 0:00:14]} 19. Rxd4 {[%emt 0:00:05]} hxg5 {[%emt 0:02:11]} 20. hxg5 {
[%emt 0:00:04]} Ke7 {[%emt 0:00:21]} 21. Red1 {[%emt 0:00:03]} Rd7 {
[%emt 0:00:42]} 22. Na4 {[%emt 0:00:34]} e5 {[%emt 0:28:31]} 23. fxe5 {
[%emt 0:08:29]} dxe5 {[%emt 0:00:12]} 24. Rxd7+ {[%emt 0:00:03]} Bxd7 {
[%emt 0:00:14]} 25. Rxd7+ {[%emt 0:00:05]} Kxd7 {[%emt 0:00:07]} 26. Nb6+ {
[%emt 0:00:03]} Kc6 {[%emt 0:00:22]} 27. Nxa8 {[%emt 0:00:04]} b5 {
[%emt 0:02:43]} 28. Kd2 {[%emt 0:00:04]} Kb7 {[%emt 0:00:32]} 29. Kc3 {
[%emt 0:00:03]} a5 {[%emt 0:01:40]} 30. b4 {[%emt 0:00:04]} a4 {[%emt 0:00:06]}
31. Kd3 {[%emt 0:00:02]} Kxa8 {[%emt 0:01:06]} 32. c4 {[%emt 0:00:03]} Kb7 {
[%emt 0:01:10]} 33. cxb5 {[%emt 0:00:04]} f6 {[%emt 0:01:43]} 34. g6 {
[%emt 0:02:43]} Kc7 {[%emt 0:00:09]} 35. b6+ {[%emt 0:00:07]} Kxb6 {
[%emt 0:00:08]} 36. Kc4 {[%emt 0:00:04]} Kc6 {[%emt 0:02:21]} 37. b5+ {
[%emt 0:00:06]} Kb6 {[%emt 0:00:16]} 38. Kb4 {[%emt 0:00:05]} Kb7 {
[%emt 0:00:19]} 39. Kc5 {[%emt 0:00:14]} Kc7 {[%emt 0:00:07]} 40. b6+ {
[%emt 0:00:09]} Kb7 {[%emt 0:00:22]} 41. Kb5 {[%emt 0:00:06]} Kb8 {
[%emt 0:00:05]} 42. Kc6 {[%emt 0:00:14]} 1-0

[Event "33ème Open International d'Avoine"]
[Site "Avoine"]
[Date "2018.07.21"]
[Round "4.2"]
[White "Bonnaud, Remy"]
[Black "Bailet, Pierre"]
[Result "1/2-1/2"]
[WhiteElo "2234"]
[BlackElo "2503"]
[PlyCount "82"]
[EventDate "2018.??.??"]

1. d4 {[%emt 0:03:03]} d5 {[%emt 0:01:26]} 2. Bf4 {[%emt 0:01:19]} Nf6 {
[%emt 0:00:58]} 3. e3 {[%emt 0:00:46]} c5 {[%emt 0:01:18]} 4. c3 {
[%emt 0:01:27]} Nc6 {[%emt 0:01:32]} 5. Nf3 {[%emt 0:00:49]} Qb6 {
[%emt 0:04:21]} 6. Qc1 {[%emt 0:07:06]} cxd4 {[%emt 0:06:36]} 7. exd4 {
[%emt 0:02:30]} Bf5 {[%emt 0:04:54]} 8. Be2 {[%emt 0:08:05]} e6 {[%emt 0:02:17]
} 9. O-O {[%emt 0:04:39]} Be7 {[%emt 0:04:22]} 10. Ne5 {[%emt 0:16:24]} O-O {
[%emt 0:06:07]} 11. Nd2 {[%emt 0:01:07]} Nxe5 {[%emt 0:07:03]} 12. Bxe5 {
[%emt 0:01:00]} Bd6 {[%emt 0:06:49]} 13. Nf3 {[%emt 0:00:47]} Bg4 {
[%emt 0:03:54]} 14. Re1 {[%emt 0:09:00]} Ne4 {[%emt 0:06:08]} 15. Bxd6 {
[%emt 0:04:22]} Qxd6 {[%emt 0:00:23]} 16. Ne5 {[%emt 0:01:19]} Bxe2 {
[%emt 0:00:52]} 17. Rxe2 {[%emt 0:00:09]} b5 {[%emt 0:03:23]} 18. Nd3 {
[%emt 0:13:49]} a5 {[%emt 0:06:30]} 19. a3 {[%emt 0:01:49]} Rfc8 {
[%emt 0:05:21]} 20. f3 {[%emt 0:00:58]} Nf6 {[%emt 0:00:09]} 21. Nc5 {
[%emt 0:04:16]} Nd7 {[%emt 0:01:13]} 22. Nxd7 {[%emt 0:00:59]} Qxd7 {
[%emt 0:00:11]} 23. Qe3 {[%emt 0:01:36]} Qd6 {[%emt 0:03:52]} 24. Qd2 {
[%emt 0:09:39]} h6 {[%emt 0:05:12]} 25. Re3 {[%emt 0:00:17]} Rab8 {
[%emt 0:06:35]} 26. Rf1 {[%emt 0:00:56]} b4 {[%emt 0:01:19]} 27. axb4 {
[%emt 0:00:07]} axb4 {[%emt 0:00:07]} 28. f4 {[%emt 0:00:05]} bxc3 {
[%emt 0:00:55]} 29. bxc3 {[%emt 0:00:14]} Qa3 {[%emt 0:05:23]} 30. f5 {
[%emt 0:11:00]} exf5 {[%emt 0:05:14]} 31. Rxf5 {[%emt 0:01:02]} Rb1+ {
[%emt 0:00:53]} 32. Rf1 {[%emt 0:00:42]} Rxf1+ {[%emt 0:01:45]} 33. Kxf1 {
[%emt 0:00:02]} Rb8 {[%emt 0:01:56]} 34. Qe1 {[%emt 0:02:16]} Rb2 {
[%emt 0:00:35]} 35. Qg3 {[%emt 0:02:56]} f5 {[%emt 0:04:01]} 36. Qe5 {
[%emt 0:00:52]} Qa6+ {[%emt 0:03:11]} 37. Kg1 {[%emt 0:00:19]} Rb1+ {
[%emt 0:01:10]} 38. Re1 {[%emt 0:00:07]} Rxe1+ {[%emt 0:00:34]} 39. Qxe1 {
[%emt 0:00:05]} Qd3 {[%emt 0:00:30]} 40. Qe6+ {[%emt 0:00:21]} Kh7 {
[%emt 0:00:08]} 41. Qxd5 {[%emt 0:00:10]} Qb1+ {[%emt 0:00:23]} 1/2-1/2